000 00772nas a2200241 4500
001 BR9209715
003 BR-BrBNA
005 20231205093322.0
007 ta
008 230509b bl.|||p| |||| 00| 00por d
040 _aBR-BrBNA
_bpor
_cBiblioteca Nacional de Agricultura
041 _a(Pt)
072 _aF01
100 1 _aCarlucci, M.V.
100 1 _aCastro, P.R.C.
245 1 _aEfeitos de estimulantes vegetais na frutificacao do tomateiro Miguel Pereira
650 _aTOMATE
650 _aESTIMULANTE DE CRESCIMENTO VEGETAL
650 _aFRUTIFICACAO
773 0 _tAnais da Escola Superior de Agricultura Luiz de Queiroz (Brazil)
_xISSN 0071-1276
_g(1982), v. 39(2) p. 579-589
_wBR9209715
909 _a202311
_bLúcia
_c55
_dLúcia Elande
942 _2AGRIS
_n0
_cANA
999 _c137503
_d137503